• 首页
  • 本馆介绍
  • 公告通知
  • 最新文献
  • 馆藏检索
  • 电子资源
  • 读者导购
  • 参考咨询
  • 我的图书馆
  • 登录
  • 详细信息显示
  • 放入我的书架
  • 预约/预借图书
  • 作者相关作品
  • 分类相关作品
  • 丛书相关作品
  • 出版社相关作品

书目信息

  • 表格格式
  • 工作单格式
  • 卡片格式
题名:
区块链物联网融合技术与应用
    
 
作者: 李志祥 著
分册:  
出版信息: 石家庄   河北科学技术出版社  2022.06
页数: 286页
开本: 24cm
丛书名:
单 册:
中图分类: F713.361.3 , TP393.409
科图分类:
主题词: 电子商务--dian zi shang wu--支付方式--研究 , 互联网络--hu lian wang luo--应用--研究 , 智能技术--zhi neng ji shu--应用--研究
电子资源:
ISBN: 978-7-5717-1146-7
000 01615nam0 2200301 450
001 CAL 012022002873
005 20230217093113.0
010    @a978-7-5717-1146-7@dCNY98.00
100    @a20220825d2022 em y0chiy0120 ea
101 0  @achi
102    @aCN@b130000
105    @aa a 000yy
106    @ar
200 1  @a区块链物联网融合技术与应用@Aqu kuai lian wu lian wang rong he ji shu yu ying yong@f李志祥 ... [等] 著
210    @a石家庄@c河北科学技术出版社@d2022.06
215    @a286页@c图@d24cm
304    @a题名页题其余责任者: 褚云霞, 张岳魁, 贾子恒, 刘波, 张军
320    @a有书目 (第285-286页)
330    @a本书结合区块链技术在物联网中的应用维护行业的特点, 着重从实践的角度去讲述区块链技术在物联网中的应用的技术、应用和发展等方面的知识。全书共7章, 主要介绍区块链技术在物联网中的产生背景、物联网技术、区块链技术、物联网区块链融合技术、融合应用以及物联网区块链融合研究方向等。全书具有严密的内在逻辑, 物联网技术及其特点、区块链技术及其特点概述等两章分别讲解物联网与区块链技术, 为融合应用研究奠定基础 ; 接着通过阐述物联网技术存在的问题, 引出利用区块链解决物联网问题的可能性 ; 而后研究了物联网与区块链融合的理论可行性、物联网与区块链融合的商业实践, 以及物联网与区块链融合开发技术, 最后探讨了物联网与区块链融合几个可能的研究方向。
606 0  @a电子商务@Adian zi shang wu@x支付方式@x研究
606 0  @a互联网络@Ahu lian wang luo@x应用@x研究
606 0  @a智能技术@Azhi neng ji shu@x应用@x研究
690    @aF713.361.3@v5
690    @aTP393.409@v5
701  0 @a李志祥@Ali zhi xiang@4著
801  0 @aCN@bBJXHZP@c20230222
905    @b1378804-7@dF713.361.3@e1234@f4
998    @bbm004b-2022.09.02 14:30:48
    
    区块链物联网融合技术与应用/李志祥 ... [等] 著.-石家庄:河北科学技术出版社,2022.06
    286页:图;24cm
    
    
    ISBN 978-7-5717-1146-7:CNY98.00
    本书结合区块链技术在物联网中的应用维护行业的特点, 着重从实践的角度去讲述区块链技术在物联网中的应用的技术、应用和发展等方面的知识。全书共7章, 主要介绍区块链技术在物联网中的产生背景、物联网技术、区块链技术、物联网区块链融合技术、融合应用以及物联网区块链融合研究方向等。全书具有严密的内在逻辑, 物联网技术及其特点、区块链技术及其特点概述等两章分别讲解物联网与区块链技术, 为融合应用研究奠定基础 ; 接着通过阐述物联网技术存在的问题, 引出利用区块链解决物联网问题的可能性 ; 而后研究了物联网与区块链融合的理论可行性、物联网与区块链融合的商业实践, 以及物联网与区块链融合开发技术, 最后探讨了物联网与区块链融合几个可能的研究方向。
●
相关链接 在E读中查询图书 在五车中查询图书 在当当中查询图书 在豆瓣中查询图书


正题名:区块链物联网融合技术与应用     索取号:F713.361.3/1234         预约/预借

序号 登录号 条形码 馆藏地/架位号 状态 备注
1 1378804   213788043   第一样本阅览室/ [索取号:F713.361.3/1234] 在馆    
2 1378805   213788052   第一借阅区/ [索取号:F713.361.3/1234] 在馆    
3 1378806   213788061   第一借阅区/ [索取号:F713.361.3/1234] 在馆    
4 1378807   213788070   第一借阅区/ [索取号:F713.361.3/1234] 在馆    
唐山师范学院图书馆 欢迎您!
大连网信软件有限公司© 版权所有